000
00287nam a2200121Ia 4500
005
20251222144833.0
008
251222s9999||||xx |||||||||||||| ||spa||
082
_a
869.56/F41
100
_a
Fernández Cozman, Camilo
245
0
_a
Ritual del Silencio
264
_b
Picaflor
942
_c
LIB
999
_c
20927
_d
20927